| 000 | 00670nam a2200205 a 4500 | ||
|---|---|---|---|
| 005 | 20230223063531.0 | ||
| 008 | 020710s1998 mx r 000 0 spa d | ||
| 020 | _a970170195X | ||
| 035 | _aUPN01000118059 | ||
| 049 | _aCG | ||
| 050 | 4 |
_aHF5351 _bR6.28 |
|
| 100 | 1 |
_aRobbins, Stephen Paul, _d1943- _930976 |
|
| 245 | 1 | 3 |
_aLa administración en el mundo de hoy / _cStephen P. Robbins ; tr. Alberto Santiago Fernández Molina. |
| 260 |
_aMéxico : _bPrentice-Hall, _c1998. |
||
| 300 |
_a584 p. : _bil. |
||
| 534 |
_pTítulo original: _tManaging today |
||
| 650 | 2 |
_aAdministración _xEstudio y enseñanza _9423 |
|
| 650 | 4 |
_aPERSONAL - _xDIRECCION _911025 |
|
| 905 | _aLibro | ||
| 999 |
_c90450 _d90450 |
||